000 00887cab a2200265 4500
001 ABS59961
008 090401t1999 xxu||||| |||| 00| 0 eng d
035 _a(Sirsi) u90998
041 _aeng
100 _aMilne, R.
245 _aPowers to the planners
260 _c1999
350 _a0
490 _aBuilding Homes
_v(2) February 1999, 32-33(2)
520 _aExamines proposals for a revision of PPG3 which is set to form part of a number of measures aimed at tightening up planning policy on house design. Looks at existing guidance on the subject, the revised PPG3, density and housing mix, and raising the quality of design.
650 _aDESIGN GUIDANCE
650 _aHOUSING DENSITY
650 _aHOUSING MIX
650 _aHOUSING QUALITY
650 _aPLANNING POLICY
650 _aPPG3
690 _aHOUSING-DEVELOPMENT
942 _n0
948 _c01/02/1999
999 _c57738
_d57738